000 00710nam a22002417a 4500
003 UA-OsUOA
001 47380
007 ta
008 20120613b un ||||| |||| 00| 0 ukr d
100 _aРусов Ю.
090 _a82 (477) (091)
_bР88
942 _cBK
040 _aUA-OsUOA
_bukr
_cUA-OsUOA
_dUA-OsUOA
245 _aПоезія визвольних змагань.
300 _a110 с.
955 _a4
041 _aukr
080 _a82 (477) (091)
260 _aТоронто
_c1954
650 7 _a82 Література. Літературознавство
_2UDC
999 _c427485
_d427485